Compound Word Capital Name - Statistics

General Stats
  • This quiz has been taken 542 times
    514 since last reset
  • The average score is 19 of 32
Answer Stats
Continent Capital % Correct
South America La Paz
76%
North America Mexico City
76%
South America Buenos Aires
74%
North America Port-au-Prince
74%
North America Guatemala City
73%
Asia New Delhi
71%
Europe Vatican City
69%
North America Panama City
68%
North America Port-of-Spain
68%
Europe San Marino
68%
Oceania Port Moresby
66%
Africa Cape Town
63%
North America San Salvador
62%
North America San José
61%
North America Saint George's
60%
Europe Andorra la Vella
59%
North America Santo Domingo
59%
Africa Port Louis
58%
North America Saint John's
58%
Asia Kuwait City
57%
Asia Abu Dhabi
56%
Asia Kuala Lumpur
56%
Oceania Port Vila
56%
Asia Sri Jayawardenepura Kotte
55%
Africa Porto-Novo
54%
Africa São Tomé
52%
Africa Addis Ababa
50%
Asia Bandar Seri Begawan
50%
Asia Phnom Penh
50%
North America Washington D.C.
49%
Oceania South Tarawa
37%
Asia Nur-sultan
14%
No matching quizzes found
Score Distribution
Percent of People with Each Score
Percentile by Number Answered
Your Score History
You have not taken this quiz since the last reset